| 000 | 00683pam a2200229 i 4500 | ||
|---|---|---|---|
| 001 | 3193298 | ||
| 005 | 20150826085937.0 | ||
| 008 | 770909s1978 nyu b 001 0 eng | ||
| 010 | _a 77013356 | ||
| 020 | _a0060444347 | ||
| 040 |
_aDLC _cDLC _dDLC |
||
| 050 | 0 | 0 |
_aBF637.B4 _bM5 1978 |
| 082 | 0 | 0 | _a153.8/5 |
| 100 | 1 |
_aMikulas, William L. _918708 |
|
| 245 | 1 | 0 |
_aBehavior modification / _cWilliam L. Mikulas. |
| 260 |
_aNew York : _bHarper & Row, _cc1978. |
||
| 300 |
_axiii, 194 p. ; _c24 cm. |
||
| 504 | _aIncludes bibliographies and indexes. | ||
| 650 | 0 |
_aBehavior modification. _914584 |
|
| 906 |
_a7 _bcbc _corignew _d1 _eocip _f19 _gy-gencatlg |
||
| 942 |
_2lcc _cMONOGRAPH |
||
| 999 |
_c123084 _d123084 |
||